[Event "Collado Villalba op 40th"]
[Site "Collado Villalba"]
[Date "2023.08.24"]
[Round "3"]
[White "Martin Martin, Luis Vicente"]
[Black "Lozano Valverde, Eduardo"]
[Result "1-0"]
[WhiteElo "1887"]
[BlackElo "1177"]
[PlyCount "71"]
[EventDate "2023.08.22"]
[EventType "swiss"]
[EventRounds "9"]
[EventCountry "ESP"]
[SourceTitle "EXT 2024"]
[Source "ChessBase"]
[SourceDate "2023.10.10"]
[SourceVersion "1"]
[SourceVersionDate "2023.10.10"]
[SourceQuality "1"]

1. d4 Nf6 2. Nf3 d5 3. Bf4 e6 4. e3 Be7 5. h3 Nbd7 6. Bd3 b6 7. Nbd2 Bb7 8. Ne5 0-0 9. Qf3 c5 10. c3 Rc8 11. g4 h6 12. h4 Nxe5 13. dxe5 Nh7 14. g5 Bc6 15. gxh6 g6 16. Qg3 Be8 17. Nf3 d4 18. exd4 cxd4 19. Nxd4 Qd5 20. f3 Kh8 21. Rg1 Bc5 22. Be3 Rg8 23. Qf4 Rc7 24. Qe4 Qd8 25. h5 Nf8 26. h7 Kxh7 27. hxg6+ fxg6 28. Rh1+ Kg7 29. Bh6+ Kf7 30. Qf4+ Ke7 31. Bxf8+ Rxf8 32. Qg5+ Kd7 33. Qxd8+ Kxd8 34. Nxe6+ Ke7 35. Nxc7 Rxf3 36. 0-0-0 1-0

[Event "Collado Villalba op 40th"]
[Site "Collado Villalba"]
[Date "2023.08.23"]
[Round "2"]
[White "Lozano Valverde, Eduardo"]
[Black "Olmedo Camacho, Jose"]
[Result "0-1"]
[WhiteElo "1177"]
[BlackElo "1489"]
[PlyCount "46"]
[EventDate "2023.08.22"]
[EventType "swiss"]
[EventRounds "9"]
[EventCountry "ESP"]
[SourceTitle "EXT 2024"]
[Source "ChessBase"]
[SourceDate "2023.10.10"]
[SourceVersion "1"]
[SourceVersionDate "2023.10.10"]
[SourceQuality "1"]

1. Nf3 Nf6 2. c4 e6 3. d4 d5 4. cxd5 exd5 5. Nc3 Bf5 6. Bg5 Be7 7. e3 0-0 8. Be2 h6 9. Bf4 c6 10. a3 Nbd7 11. h3 a6 12. Ne5 Ne4 13. 0-0 Ndf6 14. b4 Nxc3 15. Qe1 Nxe2+ 16. Qxe2 Re8 17. f3 Bd6 18. g4 Bh7 19. h4 Re6 20. Qh2 Ne8 21. Kh1 f6 22. g5 fxe5 23. gxh6 exf4 0-1